Statistiken für Minecraft Verzauberungen

Klicken Sie hier um das Quiz zu spielen!

Allgemein

  • Dieses Quiz wurde 344 mal gespielt
  • Das Durchschnittsergebnis liegt bei 18 aus 39

Antwortstatistiken

Anfangsbuchstabe
der Verzauberung
Verzauberung% Korrekt
SSchärfe
85%
SSchutz
79%
HHaltbarkeit
75%
GGlück
74%
RReparatur
68%
EEffizienz
65%
FFlamme
65%
FFeuerschutz
61%
SStärke
61%
UUnendlichkeit
61%
WWasserläufer
61%
AAtmung
60%
FFederfall
59%
BBehutsamkeit
56%
EExplosionsschutz
56%
DDornen
51%
VVerbrennung
51%
EEisläufer
50%
RRückstoß
50%
SSchlag
47%
BBann
43%
FFluch der Bindung
43%
FFluch des Verschwindens
42%
PPlünderung
42%
GGlück des Meeres
41%
WWasseraffinität
37%
MMehrfachschuss
32%
SSeelenläufer
32%
TTreue
32%
SSchusssicher
31%
DDurchschuss
29%
KKöder
28%
SSog
25%
SSchwungkraft
23%
HHarpune
19%
EEntladung
16%
SSchnellladen
13%
FFlinkes Schleichen
6%
NNemenis der Gliederfüßler
5%

Verteilung der Resultate

Perzentil nach korrekt beantworteten Fragen

Anzahl Personen mit jedem Resultat

Ihre Resultats-Entwicklung

Sie haben dieses Quiz noch nicht gespielt